|
|
|
|
| LEADER |
00000nam0a2200000 4500 |
| 001 |
318011 |
| 005 |
20231102003031.0 |
| 010 |
|
|
|a 9785977601092
|
| 010 |
|
|
|a 978-5-16-006085-9
|
| 035 |
|
|
|a (RuTPU)RU\TPU\book\343492
|
| 035 |
|
|
|a RU\TPU\book\60976
|
| 090 |
|
|
|a 318011
|
| 100 |
|
|
|a 20031117d2016 m y0rusy50 ca
|
| 101 |
0 |
|
|a rus
|
| 102 |
|
|
|a RU
|
| 105 |
|
|
|a y j 001zy
|
| 200 |
1 |
|
|a Банковское дело
|e учебник
|f под ред. Г. Г. Коробовой
|
| 205 |
|
|
|a 2-е изд., перераб. и доп.
|
| 210 |
|
|
|a Москва
|c Магистр
|c Инфра-М
|d 2016
|
| 215 |
|
|
|a 589 с.
|
| 320 |
|
|
|a Библиогр.: с. 588-589
|
| 320 |
|
|
|a Термины и понятия в конце гл.
|
| 330 |
|
|
|a В учебнике рассмотрены различные аспекты банковской деятельности. Дана характеристика банков и банковской системы. Раскрыты экономические основы деятельности коммерческого банка и его операции. Представлена организация безналичных расчетов. Особое внимание уделено вопросам банковского маркетинга и банковских рисков. Структура подачи материала в учебнике нацелена на развитие самостоятельной работы студентов.Для студентов, преподавателей экономических вузов и факультетов, работников банковской системы. Учебник может быть использован при подготовке бакалавров по профилю «Финансы и кредит» по дисциплинам: «Организация деятельности центрального банка». «Организация деятельности коммерческого банка», «Организация безначичных расчетов». «Банковский маркетинг». «Банковские риски».
|
| 606 |
1 |
|
|a Банковская деятельность
|x Экономика
|2 stltpush
|3 (RuTPU)RU\TPU\subj\72815
|9 86208
|
| 610 |
1 |
|
|a финансы
|
| 610 |
1 |
|
|a банки
|
| 610 |
1 |
|
|a банковская система
|
| 610 |
1 |
|
|a Центральный банк
|
| 610 |
1 |
|
|a Российская Федерация
|
| 610 |
1 |
|
|a банковский рынок
|
| 610 |
1 |
|
|a коммерческие банки
|
| 610 |
1 |
|
|a активы
|
| 610 |
1 |
|
|a банковская ликвидность
|
| 610 |
1 |
|
|a прибыль
|
| 610 |
1 |
|
|a безналичные расчеты
|
| 610 |
1 |
|
|a кредит
|
| 610 |
1 |
|
|a кредитование
|
| 610 |
1 |
|
|a посреднические операции
|
| 610 |
1 |
|
|a валютные операции
|
| 610 |
1 |
|
|a кассовые операции
|
| 610 |
1 |
|
|a управление
|
| 610 |
1 |
|
|a персонал
|
| 610 |
1 |
|
|a маркетинг
|
| 610 |
1 |
|
|a банковские риски
|
| 610 |
1 |
|
|a контроль
|
| 610 |
1 |
|
|a банковская отчетность
|
| 610 |
1 |
|
|a учебники
|
| 686 |
|
|
|a У9(2)262.10я73
|v LBC/SL-A
|2 rubbk
|
| 702 |
|
1 |
|a Коробова
|b Г. Г.
|4 340
|
| 801 |
|
1 |
|a RU
|b 63413507
|c 20160419
|
| 801 |
|
2 |
|a RU
|b 63413507
|c 20160602
|g RCR
|
| 900 |
|
|
|a Банковское дело
|
| 942 |
|
|
|c BK
|
| 952 |
|
|
|l 8
|
| 959 |
|
|
|a 29/20160310
|d 1
|e 1194,90
|f ЧЗГЛ:1
|